[Event "Match"]
[Site "www.echecsemail.com"]
[Date "2015.07.20"]
[Round "1"]
[White "Marandlen"]
[Black "Bojan"]
[WhiteElo "1499"]
[BlackElo "1890"]
[Result "1-0"]
[Round "1"]
1.g3 e5
2.Bf1g2 c6
3.d4 exd4
4.Qd1xd4 h6
5.e4 Qd8e7
6.Ng1e2 d6
7.Nb1c3 Nb8a6
8.O-O Na6c7
9.Bc1f4 Nc7e6
10.Qd4e3 Ng8f6
11.Qe3d2 Ne6xf4
12.Ne2xf4 Bc8g4
13.Ra1e1 O-O-O
14.Qd2e3 Kb8
15.a4 Qe7c7
16.h3 Bg4d7
17.Qe3d4 Rh8g8
18.b4 a6
19.b5 cxb5
20.axb5 axb5
21.Nf4d5 Qc7c4
22.Qd4b6 Nf6xd5
23.Nc3xd5 Kc8
24.Re1a1 Qc4c5
25.Ra1a8 
1-0

[Event "Match"]
[Site "www.echecsemail.com"]
[Date "2015.07.20"]
[Round "1"]
[White "Marandlen"]
[Black "Reanna"]
[WhiteElo "1499"]
[BlackElo "1590"]
[Result "1-0"]
[Round "1"]
1.d4 d5
2.Ng1f3 Nb8c6
3.Bc1f4 Ng8f6
4.e3 Bc8f5
5.Bf1d3 Nf6e4
6.a3 e6
7.Nb1d2 Bf8e7
8.c4 Ne4xf2
9.Kxf2 Bf5xd3
10.cxd5 exd5
11.Qd1b3 Bd3a6
12.Ra1c1 O-O
13.Nf3e5 Be7g5
14.Ne5xc6 bxc6
15.Bf4xg5 Qd8xg5
16.Rc1xc6 Qg5f5
17.Nd2f3 Ba6c4
18.Qb3c3 Rf8e8
19.Rh1e1 Re8e4
20.b3 Bc4b5
21.Rc6xc7 a5
22.Qc3c5 Bb5d7
23.Kg1 Ra8c8
24.Rc7xc8 Bd7xc8
25.Qc5xa5 Re4e8
26.Nf3e5 Bc8e6
27.b4 h5
28.b5 Re8c8
29.Ne5c6 Qf5f6
30.Qa5a7 h4
31.Nc6e7 Kh7
32.Ne7xc8 Be6xc8
33.b6  { time }
1-0

[Event "Match"]
[Site "www.echecsemail.com"]
[Date "2015.07.20"]
[Round "1"]
[White "Reanna"]
[Black "Raulazo"]
[WhiteElo "1590"]
[BlackElo "1889"]
[Result "0-1"]
[Round "1"]
1.c4 e5
2.d3 Bf8c5
3.e3 Bc5b4
4.Bc1d2 Qd8e7
5.Ng1e2 Ng8f6
6.g3 b6
7.a3 Bb4xd2
8.Nb1xd2 Bc8b7
9.f3 O-O
10.Bf1g2 Qe7c5
11.d4 exd4
12.Ne2xd4 Rf8e8
13.Kf2 Qc5e7
14.Nd4f5 Qe7e6
15.e4 Nb8c6
16.Bg2h3 Qe6e5
17.b4 a5
18.f4 Nf6xe4
19.Nd2xe4 Qe5xe4
20.Rh1e1 Qe4xc4
21.Qd1xd7 Qc4c2
22.Kg1 g6
23.Nf5h6 Kg7
24.Qd7xf7 Kxh6
25.Re1xe8 Qc2c3
26.Qf7f8 Qc3g7
27.Qf8xg7 Kxg7
28.b5 Nc6d4
29.Re8e7 Kf8
30.Re7xh7 Nd4f3
31.Kh1 Nf3g5
32.Bh3g2 Bb7xg2
33.Kxg2 Ng5xh7
34.Ra1c1 Ra8c8
35.Rc1c6 Kg7
36.a4 Nh7f8
37.g4 Nf8d7
38.h4 Nd7c5
39.g5 Nc5xa4
 { time }
0-1

[Event "Match"]
[Site "www.echecsemail.com"]
[Date "2015.07.20"]
[Round "1"]
[White "Arnpriorite"]
[Black "Silent1"]
[WhiteElo "2220"]
[BlackElo "1960"]
[Result "1-0"]
[Round "1"]
1.c4 e5
2.g3 Bf8c5
3.Bf1g2 c6
4.Nb1c3 Ng8f6
5.e4 d6
6.d3 Bc8g4
7.Ng1f3 Qd8d7
8.O-O O-O
9.Bc1g5 Bg4h3
10.Bg5xf6 Bh3xg2
11.Kxg2 gxf6
12.Nf3h4 Nb8a6
13.Nh4f5 Kh8
14.Qd1h5 Rf8g8
15.a3 Rg8g5
16.Qh5h3 Ra8g8
17.Nc3e2 Bc5b6
18.f4 Na6c5
19.fxg5 fxg5
20.Qh3g4 Nc5xd3
21.Ra1d1 Qd7e6
22.Rd1xd3 Bb6d8
23.Rd3xd6 Qe6xc4
24.Nf5h6 { resign }
1-0

[Event "Match"]
[Site "www.echecsemail.com"]
[Date "2015.07.20"]
[Round "1"]
[White "Hundegana"]
[Black "Cristiano"]
[WhiteElo "1950"]
[BlackElo "2150"]
[Result "1-0"]
[Round "1"]
1.e4 e5
2.c3 Ng8f6
3.Qd1c2 Nb8c6
4.Ng1f3 a6
5.Bf1e2 Bf8e7
6.O-O O-O
7.Rf1d1 d5
8.d3 Bc8e6
9.h3 dxe4
10.dxe4 Qd8c8
11.Bc1e3 Rf8d8
12.Rd1xd8 Qc8xd8
13.Nb1d2 Nf6h5
14.Nf3xe5 Nc6xe5
15.Be2xh5 g6
16.Bh5e2 Be7g5
17.f4 Bg5f6
18.fxe5 Bf6xe5
19.Nd2f3 { resign }
1-0

[Event "Match"]
[Site "www.echecsemail.com"]
[Date "2015.07.20"]
[Round "1"]
[White "Cccp"]
[Black "Ericleo1980"]
[WhiteElo "1150"]
[BlackElo "1809"]
[Result "0-1"]
[Round "1"]
1.e4 c5
2.Nb1c3 d6
3.f4 Nb8c6
4.Bf1b5 Bc8d7
5.Bb5xc6 Bd7xc6
6.d3 e6
7.Ng1f3 Ng8f6
8.O-O Bf8e7
 { time }
0-1

[Event "Match"]
[Site "www.echecsemail.com"]
[Date "2015.07.20"]
[Round "1"]
[White "Nham"]
[Black "Mknittel"]
[WhiteElo "2170"]
[BlackElo "1809"]
[Result "1-0"]
[Round "1"]
1.d4 Ng8f6
2.c4 e6
3.Nb1c3 Bf8b4
4.Qd1c2 O-O
5.a3 Bb4xc3
6.Qc2xc3 d5
7.Ng1f3 dxc4
8.Qc3xc4 b6
9.Bc1g5 Bc8a6
10.Qc4a4 Qd8d7
11.Qa4xd7  { time }
1-0

[Event "Match"]
[Site "www.echecsemail.com"]
[Date "2015.07.20"]
[Round "1"]
[White "Generalfree"]
[Black "Castletyme"]
[WhiteElo "1790"]
[BlackElo "1850"]
[Result "1-0"]
[Round "1"]
1.e4 e6
2.b3 Nb8c6
3.g3 Ng8f6
4.Bf1g2 Bf8e7
5.Bc1b2 O-O
6.d3 e5
7.Nb1d2 a5
8.a4 Be7b4
9.Ng1f3 Bb4xd2
10.Qd1xd2 d6
11.h3 Nc6e7
12.g4 Ne7g6
13.O-O-O Ng6f4
14.Bg2f1 c6
15.d4 Nf6xe4
16.Qd2e3 d5
17.dxe5 Ne4xf2
18.Qe3xf2 Nf4e6
19.Bf1d3 Ne6g5
20.Nf3xg5 Qd8xg5
21.Kb1 Bc8e6
22.Bd3f5 Be6xf5
23.gxf5 Qg5d8
24.Rh1g1 g6
25.Qf2d4 { resign }
1-0

[Event "Match"]
[Site "www.echecsemail.com"]
[Date "2015.07.20"]
[Round "1"]
[White "Billyg"]
[Black "Derik"]
[WhiteElo "1620"]
[BlackElo "1430"]
[Result "1-0"]
[Round "1"]
1.e4 e6
2.Ng1f3 d5
3.Bf1d3 c5
4.Qd1e2 Ng8e7
5.exd5 exd5
6.O-O g6
7.h3 Qd8d7
8.Nb1c3 Bf8g7
9.Bd3b5 Nb8c6
10.Rf1e1 a6
11.Bb5a4 O-O
12.Ba4xc6 bxc6
13.Qe2xe7 Bg7f6
14.Nc3a4 Qd7xe7
15.Re1xe7 Bf6xe7
16.d4 c4
17.Nf3e5 Bc8b7
18.Ne5d7 Rf8d8
19.Na4b6 Ra8a7
20.Nd7c5 Be7xc5
21.dxc5 Rd8e8
22.Bc1e3 h5
23.Nb6d7 Bb7c8
24.Nd7f6 Kf8
25.Nf6xe8 Kxe8
26.Ra1e1 Bc8e6
27.b4 Ra7b7
28.c3 Kf8
29.f3 Rb7e7
30.a4 Re7d7
31.g4 h4
32.f4 f6
33.f5 gxf5
34.Re1f1 Rd7b7
35.gxf5 Rb7g7
36.Kh2 Be6f7
37.Be3h6 Bf7h5
38.Bh6xg7  { time }
1-0

[Event "Match"]
[Site "www.echecsemail.com"]
[Date "2015.07.20"]
[Round "1"]
[White "Nugun"]
[Black "Canario"]
[WhiteElo "1600"]
[BlackElo "1720"]
[Result "1-0"]
[Round "1"]
1.c4 Ng8f6
2.Nb1c3 Nb8c6
3.Ng1f3 e5
4.e3 Bf8c5
5.d4 exd4
6.exd4 Bc5b4
7.d5 Bb4xc3
8.bxc3 Nc6e7
9.Qd1c2 d6
10.c5 Ne7xd5
11.cxd6 Qd8xd6
12.Bf1e2 Bc8e6
13.O-O Nf6g4
14.g3 Qd6c6
15.Nf3d4 O-O-O
16.Nd4xc6 bxc6
17.Qc2a4 Nd5xc3
18.Be2a6 Kd7
19.Qa4d4 Nc3d5
20.Qd4a4 Ng4e5
21.Bc1a3 Nd5b6
22.Qa4d4 Nb6d5
23.Qd4xe5 f6
24.Qe5d4 Rd8b8
25.Qd4xa7 Rb8a8
26.Qa7b7 Nd5b6
27.Ra1d1 Be6d5
28.Rf1e1 Rh8b8
29.Re1e7 Kd8
30.Qb7xc7 
1-0

[Event "Match"]
[Site "www.echecsemail.com"]
[Date "2015.07.20"]
[Round "1"]
[White "Gambitmiau"]
[Black "Generalfree"]
[WhiteElo "1830"]
[BlackElo "1780"]
[Result "1-0"]
[Round "1"]
1.e4 e5
2.Ng1f3 d6
3.h3 Ng8f6
4.Nb1c3 c6
5.d4 Qd8e7
6.dxe5 dxe5
7.Bf1c4 Nb8d7
8.O-O b5
9.Bc4b3 Bc8a6
10.Nf3g5 b4
11.Nc3e2 Nd7c5
12.Bb3xf7 Qe7xf7
13.Ng5xf7 Kxf7
14.f3 Bf8e7
15.Qd1e1 Rh8d8
16.Bc1g5 Nc5a4
17.b3 Be7c5
18.Kh1 Na4b2
19.Ra1b1 Bc5d4
20.Ne2xd4 Ba6xf1
21.Nd4xc6 Rd8d6
22.Nc6xe5 Ke6
23.Qe1xf1 { resign }
1-0

[Event "Match"]
[Site "www.echecsemail.com"]
[Date "2015.07.20"]
[Round "1"]
[White "Neverless"]
[Black "Joseph1983"]
[WhiteElo "2660"]
[BlackElo "2220"]
[Result "1-0"]
[Round "1"]
1.e4 c5
2.Ng1f3 e6
3.d4 cxd4
4.Nf3xd4 Nb8c6
5.Nb1c3 Ng8f6
6.Nd4b5 d6
7.Bc1f4 e5
8.Bf4g5 a6
9.Nb5a3 h6
10.Bg5xf6 gxf6
11.Na3c4 b5
12.Nc4e3 Nc6d4
13.Nc3d5 Bc8b7
14.c3 Bb7xd5
15.exd5 { resign }
1-0

[Event "Match"]
[Site "www.echecsemail.com"]
[Date "2015.07.20"]
[Round "1"]
[White "Reanna"]
[Black "Redabond"]
[WhiteElo "1590"]
[BlackElo "1499"]
[Result "0-1"]
[Round "1"]
1.c4 e5
2.e4 Bf8c5
3.Ng1f3 Nb8c6
4.Bf1e2 Ng8f6
5.O-O O-O
6.Nb1c3 d6
7.Nc3a4 Nf6xe4
8.Na4xc5 Ne4xc5
9.b3 Bc8f5
10.d3 Qd8f6
11.Bc1g5 Qf6g6
12.Qd1d2 Bf5xd3
13.Be2xd3 Qg6xd3
14.Nf3h4 Qd3xd2
15.Bg5xd2 Rf8e8
16.Nh4f5 Nc6e7
17.Nf5xe7 Re8xe7
18.Bd2b4 Nc5d3
19.Bb4c3 Re7e6
20.Ra1d1 Nd3f4
21.a4 Nf4e2
22.Kh1 Ne2xc3
23.Rd1d2 Nc3e4
24.Rd2d3 Ne4c5
25.Rd3e3 Re6g6
26.f4 Rg6f6
27.f5 Nc5e6
28.Re3e1 Ne6d4
29.g4 g6
30.b4 Nd4c2
31.Re1b1 Nc2e3
32.Rf1g1 g5
33.c5 d5
34.Rg1e1 Ne3xg4
35.h3 Ng4f2
36.Kg2 Nf2e4
37.Kf3 Ne4d2
38.Kg4 Nd2xb1
39.Re1xb1 Kg7
40.Rb1d1 d4
41.Kxg5 Ra8d8
42.h4 e4
43.Kf4 e3
44.Kg5 d3
45.h5 h6
46.Kf4 e2
47.Rd1g1 Kh7
48.Ke5 Rf6c6
49.f6 Rc6e6
50.Kf5 e1Q
51.Rg1g7 Kh8
52.Rg7g4 Qe1e5
{ resign }
0-1

[Event "Match"]
[Site "www.echecsemail.com"]
[Date "2015.07.20"]
[Round "1"]
[White "Hundegana"]
[Black "Generalfree"]
[WhiteElo "1920"]
[BlackElo "1850"]
[Result "1-0"]
[Round "1"]
1.c4 e5
2.b3 c6
3.Bc1b2 f6
4.e3 g6
5.Ng1f3 a6
6.Nb1c3 d6
7.Bf1e2 Bc8e6
8.O-O Nb8d7
9.Rf1e1 f5
10.d3 h6
11.d4 e4
12.Nf3d2 Bf8g7
13.f3 exf3
14.Be2xf3 Ng8e7
15.Kh1 d5
16.c5 b6
17.b4 bxc5
18.bxc5 h5
19.Ra1b1 Ne7c8
20.h3 Nc8a7
21.a4 Ra8b8
22.Bb2a3 Rb8xb1
23.Qd1xb1 Qd8a5
24.Ba3b4 Qa5c7
25.Nd2f1 g5
26.Bf3e2 a5
27.Bb4a3 f4
28.Qb1g6 Kf8
29.Qg6xe6 Rh8h6
30.Qe6f5 Bg7f6
31.e4 g4
32.exd5 Kg7
33.d6 Qc7d8
34.Re1d1 Qd8e8
35.Qf5xf4 Qe8e6
36.Ba3c1 Rh6g6
37.Be2d3 Bf6g5
38.Qf4e4 { resign }
1-0

[Event "Match"]
[Site "www.echecsemail.com"]
[Date "2015.07.20"]
[Round "1"]
[White "Redabond"]
[Black "Drdoom"]
[WhiteElo "1499"]
[BlackElo "1660"]
[Result "1-0"]
[Round "1"]
1.e4 e5
2.Ng1f3 Nb8c6
3.Bf1c4 Ng8f6
4.d3 h6
5.O-O a6
6.Nb1c3 b5
7.Bc4d5 Bc8b7
8.Bd5xc6 Bb7xc6
9.Bc1e3 d6
10.a3 Bc6b7
11.d4 Qd8e7
12.d5 c6
13.dxc6 Bb7xc6
14.Nc3d5 Bc6xd5
15.exd5 Qe7b7
16.c4 bxc4
17.Qd1a4 Nf6d7
18.Qa4xc4 Bf8e7
19.Ra1b1 O-O
20.Qc4c6 Ra8b8
21.Qc6xb7 Rb8xb7
22.b4 Nd7f6
23.Rf1d1 Nf6e4
24.Rd1c1 Rb7b8
25.Rc1c6 a5
26.b5 Rf8c8
27.Rc6xc8 Rb8xc8
28.b6 Ne4c5
29.Be3xc5 dxc5
30.Nf3xe5 { resign }
1-0

[Event "Match"]
[Site "www.echecsemail.com"]
[Date "2015.07.20"]
[Round "1"]
[White "Derik"]
[Black "Cl3537"]
[WhiteElo "1450"]
[BlackElo "1340"]
[Result "0-1"]
[Round "1"]
1.e4 e5
2.d3 d6
3.Nb1d2 Nb8c6
4.Ng1f3 Ng8f6
5.g3 Bf8e7
6.Bf1g2 O-O
7.O-O Bc8e6
8.b3 a6
9.Bc1b2 b5
10.a3 h6
11.c4 g5
12.Qd1c2 Rf8e8
 { time }
0-1

[Event "Match"]
[Site "www.echecsemail.com"]
[Date "2015.07.20"]
[Round "1"]
[White "Masqu3"]
[Black "Fangshuo1"]
[WhiteElo "1340"]
[BlackElo "1499"]
[Result "1-0"]
[Round "1"]
1.e4 e6
2.d4 d5
3.Nb1c3 c5
4.exd5 exd5
5.Bf1b5 Bc8d7
6.Ng1f3 Bd7xb5
7.Nc3xb5 Qd8b6
8.Qd1e2 Bf8e7
9.Bc1g5 Qb6e6
10.Nb5c7 { resign }
1-0

[Event "Match"]
[Site "www.echecsemail.com"]
[Date "2015.07.20"]
[Round "1"]
[White "Swampcat"]
[Black "Karlgrocer"]
[WhiteElo "1359"]
[BlackElo "1880"]
[Result "0-1"]
[Round "1"]
1.e4 c5
2.Ng1f3 d6
3.d4 cxd4
4.Nf3xd4 Ng8f6
5.Nb1c3 g6
6.Bf1b5 Bc8d7
7.Qd1d3 e5
8.Bb5xd7 Nb8xd7
9.Nd4b3 a6
10.Bc1g5 Qd8c7
11.O-O Bf8g7
12.Nc3d5 Qc7d8
13.Nd5xf6 Bg7xf6
14.Bg5xf6 Nd7xf6
15.Rf1d1 O-O
16.f3 Qd8b6
17.Kh1 Rf8d8
18.Rd1d2 Rd8d7
19.c4 Ra8d8
20.Ra1d1 Qb6c6
21.Nb3c1 b5
22.b3 bxc4
23.Qd3xc4 Qc6xc4
24.bxc4 Kf8
25.Nc1e2 Ke7
26.Ne2c3 Rd8c8
27.Nc3d5 Nf6xd5
28.cxd5 Rc8c5
29.Rd2b2 Rd7c7
30.h3 Rc5c2
31.Rd1b1 Rc2c1
32.Rb1xc1 Rc7xc1
33.Kh2 Rc1a1
34.Rb2b7 Kf6
 { time }
0-1

[Event "Match"]
[Site "www.echecsemail.com"]
[Date "2015.07.20"]
[Round "1"]
[White "Cristiano"]
[Black "Goodwill"]
[WhiteElo "2150"]
[BlackElo "1499"]
[Result "0-1"]
[Round "1"]
1.e4 c5
2.Ng1f3 g6
3.d4 cxd4
4.Nf3xd4 Nb8c6
5.Nb1c3 Bf8g7
6.Bc1e3 Ng8f6
7.f3 O-O
8.Bf1e2 d5
9.Qd1d2 dxe4
10.fxe4 Nc6xd4
11.Be3xd4 Bc8e6
12.O-O-O Qd8a5
13.Kb1 Rf8c8
14.b3 a6
15.h3 Qa5a3
16.Qd2c1 Qa3xc1
17.Kxc1 Rc8xc3
18.Bd4xc3 Nf6xe4
19.Bc3xg7 Kxg7
20.Rh1f1 Ne4c3
21.Rd1d2 Nc3xa2
22.Kb2 Na2b4
23.Be2c4 Be6xc4
24.bxc4 Nb4c6
25.Rf1d1 Ra8c8
26.g4 Nc6e5
27.Rd2d4 Ne5xc4
28.Kb3 Nc4d6
29.c4 b5
30.cxb5 axb5
31.Rd1e1 Rc8c7
32.Kb4 f6
33.Kb3 Kf7
34.h4 Rc7c4
35.Rd4xc4 bxc4
36.Kc3 f5
{ resign }
0-1

[Event "Match"]
[Site "www.echecsemail.com"]
[Date "2015.07.20"]
[Round "1"]
[White "Cristiano"]
[Black "Cccp"]
[WhiteElo "2150"]
[BlackElo "1150"]
[Result "0-1"]
[Round "1"]
1.e4 e6
2.d4 d5
3.Nb1d2 c5
4.c3 Ng8f6
5.e5 Nf6d7
6.Ng1f3 Nb8c6
7.Bf1d3 c4
8.Bd3c2 f5
9.Nd2f1 Bf8e7
10.h3 O-O
{ resign }
0-1

[Event "Match"]
[Site "www.echecsemail.com"]
[Date "2015.07.20"]
[Round "1"]
[White "Mdesouza"]
[Black "Cristiano"]
[WhiteElo "2210"]
[BlackElo "2150"]
[Result "1-0"]
[Round "1"]
1.e4 e5
2.Ng1f3 Nb8c6
3.d4 exd4
4.Nf3xd4 Nc6xd4
5.Qd1xd4 d6
6.Bf1c4 Ng8f6
7.Bc1g5 Bf8e7
8.Nb1c3 Bc8e6
9.O-O O-O
10.Ra1d1 Nf6d7
11.Bg5xe7 Qd8xe7
12.Nc3d5 { resign }
1-0

[Event "Match"]
[Site "www.echecsemail.com"]
[Date "2015.07.20"]
[Round "1"]
[White "Cristiano"]
[Black "Supernovae"]
[WhiteElo "2150"]
[BlackElo "1970"]
[Result "1-0"]
[Round "1"]
1.e4 c5
2.Ng1f3 d6
3.d4 cxd4
4.Nf3xd4 Ng8f6
5.Nb1c3 a6
6.Bf1e2 Bc8d7
7.Bc1e3 Nb8c6
8.f3 e6
9.Qd1d2 Bf8e7
10.h4 O-O
11.O-O-O Ra8c8
12.g4  { time }
1-0

[Event "Match"]
[Site "www.echecsemail.com"]
[Date "2015.07.20"]
[Round "1"]
[White "Libiesse"]
[Black "Cristiano"]
[WhiteElo "2020"]
[BlackElo "2150"]
[Result "1-0"]
[Round "1"]
1.d4 d5
2.c4 e6
3.Ng1f3 Ng8f6
4.Bc1g5 Bf8e7
5.Nb1c3 c6
6.cxd5 cxd5
7.e3 a6
8.Bf1d3 Nb8d7
9.O-O O-O
10.Qd1c2 h6
11.Bg5h4 Kh8
12.Rf1c1 b5
13.a3 Bc8b7
14.b4 Ra8c8
15.Bh4xf6 Nd7xf6
16.Qc2e2 Be7d6
17.Rc1c2 Nf6e4
18.Ra1c1 f5
19.Nf3d2 Qd8e7
20.Nd2f3 { resign }
1-0

[Event "Match"]
[Site "www.echecsemail.com"]
[Date "2015.07.20"]
[Round "1"]
[White "Cristiano"]
[Black "Oxycontin"]
[WhiteElo "2150"]
[BlackElo "2070"]
[Result "0-1"]
[Round "1"]
1.e4 d6
2.d4 Ng8f6
3.Nb1c3 g6
4.f4 Bf8g7
5.Ng1f3 O-O
6.Bf1d3 c6
7.h3 Nb8d7
8.Bc1e3 Rf8e8
{ resign }
0-1

[Event "Match"]
[Site "www.echecsemail.com"]
[Date "2015.07.20"]
[Round "1"]
[White "Xkafi"]
[Black "Cristiano"]
[WhiteElo "1960"]
[BlackElo "2150"]
[Result "0-1"]
[Round "1"]
1.e4 e5
2.Qd1h5 Nb8c6
3.c3 Ng8f6
4.Qh5f3 Bf8e7
5.Bf1c4 d6
6.h3 a6
7.d3 Bc8e6
8.Nb1d2 Nc6a5
9.Bc4d5 Ra8b8
10.Nd2f1 b5
11.b4 Na5b7
12.Bd5c6 Be6d7
13.Bc6xb7 Rb8xb7
14.d4 O-O
15.dxe5 dxe5
16.Nf1e3 Rb7b8
17.Ne3f5 c5
18.Qf3g3 Bd7xf5
19.exf5 e4
20.Bc1f4 Rb8c8
21.Ng1e2 Nf6h5
22.Qg3g4 Nh5xf4
23.Ne2xf4 cxb4
24.O-O Be7f6
25.Ra1d1 Qd8e7
26.cxb4 Rf8d8
27.Rd1b1 Rc8c2
28.a3 e3
29.fxe3 Qe7xe3
30.Kh1 Rc2c4
31.Rf1f3 Qe3e4
32.Qg4g3 Qe4xb1
{ resign }
0-1

[Event "Match"]
[Site "www.echecsemail.com"]
[Date "2015.07.20"]
[Round "1"]
[White "Cristiano"]
[Black "Ostapbender"]
[WhiteElo "2150"]
[BlackElo "2710"]
[Result "0-1"]
[Round "1"]
1.e4 c5
2.Ng1f3 Nb8c6
3.d4 cxd4
4.Nf3xd4 Ng8f6
5.Nb1c3 d6
6.Bf1e2 g6
7.Bc1e3 Bf8g7
8.f3 O-O
9.Qd1d2 Nc6xd4
10.Be3xd4 Bc8e6
11.O-O-O Qd8a5
12.Kb1 Rf8c8
13.a3 Ra8b8
14.g4 b5
15.g5 b4
{ resign }
0-1

[Event "Match"]
[Site "www.echecsemail.com"]
[Date "2015.07.20"]
[Round "1"]
[White "Attatroll"]
[Black "Generalfree"]
[WhiteElo "1860"]
[BlackElo "1750"]
[Result "1-0"]
[Round "1"]
1.e4 e5
2.Nb1c3 Ng8f6
3.f4 exf4
4.Ng1f3 Bf8b4
5.d3 Bb4xc3
6.bxc3 Nf6h5
7.Bf1e2 d6
8.O-O Bc8g4
9.h3 Bg4e6
10.Nf3d4 Nh5g3
11.Rf1xf4 Be6xh3
12.gxh3 Qd8g5
13.Rf4g4 Ng3xe2
14.Qd1xe2 Qg5h5
15.Qe2g2 Qh5c5
16.Rg4xg7 Qc5xc3
17.Rg7g8 Rh8xg8
18.Qg2xg8 Ke7
19.Bc1g5 f6
20.Qg8e6 Kf8
21.Qe6xf6 Ke8
22.Qf6e7 
1-0

[Event "Match"]
[Site "www.echecsemail.com"]
[Date "2015.07.20"]
[Round "1"]
[White "Fred"]
[Black "Generalfree"]
[WhiteElo "1940"]
[BlackElo "1750"]
[Result "1-0"]
[Round "1"]
1.e4 e5
2.f4 exf4
3.Ng1f3 Bf8e7
4.Bf1c4 Be7h4
5.Kf1 d6
6.d3 Qd8f6
7.Nf3xh4 Qf6xh4
8.Qd1f3 g5
9.h3 Bc8e6
10.Bc4xe6 fxe6
11.g3 fxg3
12.Kg2 Nb8c6
13.Rh1f1 O-O-O
14.Nb1c3 Nc6d4
15.Qf3xg3 Qh4xg3
16.Kxg3 h6
17.Rf1f2 b6
18.Bc1e3 Nd4c6
19.Ra1f1 Ng8e7
20.a4 a6
21.Nc3e2 e5
22.c3 Ne7g6
23.b4 b5
24.axb5 axb5
25.Kh2 Rd8g8
26.Ne2g3 Ng6h4
27.Rf2f7 g4
28.hxg4 Rg8xg4
29.Rf7f8 Rh8xf8
30.Rf1xf8 Nc6d8
31.Kh3 Nh4g6
32.Rf8g8 Rg4h4
33.Kg2 Ng6f4
34.Be3xf4 Rh4xf4
35.Rg8h8 Kd7
36.Rh8xh6 Nd8e6
37.Rh6h7 Kc6
38.Ng3f5 Ne6g5
39.Nf5e7 Kd7
40.Rh7g7 Rf4g4
41.Kf1 Rg4f4
42.Ke2 Ng5e6
43.Rg7h7 Ke8
44.Ne7d5 Kd8
45.Nd5xf4 Ne6xf4
46.Ke3 d5
47.d4 Nf4g2
48.Kf2 Ng2f4
49.dxe5 Nf4d3
50.Ke3 Nd3xe5
51.exd5 Ne5g4
52.Kd4 Ng4f6
53.Rh7h8 Ke7
54.Kc5 Nf6e4
55.Kd4 Ne4d6
56.Rh8h7 Kd8
57.Kc5 Nd6e4
58.Kxb5 Ne4xc3
59.Kc6 { resign }
1-0

[Event "Match"]
[Site "www.echecsemail.com"]
[Date "2015.07.20"]
[Round "1"]
[White "Andradamaria"]
[Black "Joseph1983"]
[WhiteElo "2339"]
[BlackElo "2200"]
[Result "0-1"]
[Round "1"]
1.d4 Ng8f6
2.c4 e6
3.Ng1f3 b6
4.g3 Bc8b7
5.Bf1g2 Bf8e7
6.O-O O-O
7.Nb1c3 Nf6e4
8.Qd1c2 Ne4xc3
9.Qc2xc3 f5
10.Nf3e5 Bb7xg2
11.Kxg2 c5
12.Bc1f4 cxd4
13.Qc3xd4 d6
14.Ne5f3 Nb8c6
15.Qd4d2 Ra8c8
16.Ra1d1 e5
17.Nf3g5 Qd8d7
18.Qd2d5 Kh8
19.Ng5f7 Rf8xf7
20.Qd5xf7 exf4
21.gxf4 Rc8f8
22.Qf7d5 Nc6b4
23.Qd5d2 Qd7b7
24.f3 Nb4c6
25.Kh1 h6
26.Rf1g1 Be7f6
27.Qd2xd6 Rf8d8
28.Qd6a3 Rd8xd1
29.Rg1xd1 Nc6d4
30.Qa3f8 Kh7
31.Qf8d6 Nd4xe2
{ resign }
0-1

[Event "Match"]
[Site "www.echecsemail.com"]
[Date "2015.07.20"]
[Round "1"]
[White "Pinehill"]
[Black "Castletyme"]
[WhiteElo "1810"]
[BlackElo "1830"]
[Result "1-0"]
[Round "1"]
1.e4 e6
2.d4 d5
3.Nb1d2 dxe4
4.Nd2xe4 Ng8f6
5.Bc1g5 Bf8e7
6.Ne4xf6 Be7xf6
7.Bg5xf6 Qd8xf6
8.c3 Nb8c6
9.Bf1b5 Bc8d7
10.Ng1f3 O-O-O
11.O-O Nc6e7
12.Bb5xd7 Rd8xd7
13.Qd1a4 Ne7c6
14.Rf1e1 Rd7d5
15.Re1e2 Rd5h5
16.Ra1e1 Kb8
17.Nf3e5 Nc6xe5
18.dxe5 Qf6e7
19.f4 Rh8d8
20.Re2e4 Qe7h4
21.h3 c6
22.f5 Qh4g5
23.fxe6 Rd8d2
24.Re4g4 Qg5f5
25.Rg4xg7 fxe6
26.Re1f1 Qf5xf1
27.Kxf1 Rh5xe5
28.Kg1 Re5e2
29.Qa4a3 Rd2d1
30.Kh2 a6
31.Qa3b3 { resign }
1-0

[Event "Match"]
[Site "www.echecsemail.com"]
[Date "2015.07.20"]
[Round "1"]
[White "Bbking"]
[Black "Pinehill"]
[WhiteElo "1480"]
[BlackElo "1810"]
[Result "0-1"]
[Round "1"]
1.e4 d5
2.exd5 Ng8f6
3.Bf1c4 g6
4.Nb1c3 Bf8g7
5.d3 O-O
6.Ng1f3 Nb8d7
7.O-O Nd7b6
8.Bc1g5 Nb6xd5
9.Bc4xd5 Nf6xd5
10.Nc3xd5 Qd8xd5
11.c4 Qd5d6
12.a3 e5
13.Rf1e1 Bc8e6
14.b4 e4
15.dxe4 Bg7xa1
16.Qd1xa1 f5
17.c5 Qd6d7
18.exf5 Be6xf5
19.Re1e7 Qd7xe7
20.Bg5xe7 Rf8f7
21.Be7g5 Ra8e8
22.h3 Rf7d7
23.Nf3e5 Rd7d5
24.f4 c6
25.Bg5h6 Re8e7
26.a4 Bf5c2
27.b5 Rd5xc5
 { time }
0-1

[Event "Match"]
[Site "www.echecsemail.com"]
[Date "2015.07.20"]
[Round "1"]
[White "Alanocturna"]
[Black "Pinehill"]
[WhiteElo "1690"]
[BlackElo "1810"]
[Result "0-1"]
[Round "1"]
1.g3 d5
2.Bf1g2 c6
3.Nb1c3 e5
4.e3 Ng8f6
5.Ng1e2 Bf8d6
6.O-O O-O
7.d4 e4
8.Ne2f4 Bc8g4
 { time }
0-1

[Event "Match"]
[Site "www.echecsemail.com"]
[Date "2015.07.20"]
[Round "1"]
[White "Bojan"]
[Black "Swampcat"]
[WhiteElo "1950"]
[BlackElo "1500"]
[Result "1-0"]
[Round "1"]
1.e4 e6
2.d4 d5
3.exd5 exd5
4.Nb1c3 Ng8f6
5.a3 c5
6.dxc5 Bf8xc5
7.Bf1b5 Nb8c6
8.Qd1e2 Bc8e6
9.Ng1f3 O-O
10.O-O a6
11.Bb5d3 Rf8e8
12.Bc1g5 Be6f5
13.Qe2d2 Bf5xd3
14.Qd2xd3 Nc6e5
15.Nf3xe5 Re8xe5
16.Bg5f4 Re5e6
17.Bf4g5 Qd8d6
18.Ra1d1 d4
19.Nc3e2 h6
20.Bg5h4 Ra8e8
21.Ne2xd4 Bc5xd4
22.Qd3xd4 Qd6xd4
23.Rd1xd4 Re6e2
24.Rd4c4 b5
25.Rc4c6 Re2e6
26.Rc6c7 Nf6e4
27.f3 Ne4d2
28.Rf1d1 Nd2c4
29.Rd1b1 Nc4d2
30.Rb1a1 Nd2c4
31.b3 Nc4e3
32.a4 b4
33.Bh4g3 Re6e7
34.Rc7c6 Re7e6
35.Rc6c5 Re6e7
36.Ra1e1 Kf8
37.Bg3d6 { resign }
1-0

[Event "Match"]
[Site "www.echecsemail.com"]
[Date "2015.07.20"]
[Round "1"]
[White "Carazo"]
[Black "Norbos"]
[WhiteElo "1599"]
[BlackElo "1620"]
[Result "1-0"]
[Round "1"]
1.e4 e5
2.Ng1f3 d6
3.Bf1c4 Bc8e6
4.Bc4xe6 fxe6
5.d3 Ng8f6
6.Bc1g5 Bf8e7
7.Nb1c3 a6
8.Qd1d2 Nf6g4
9.Bg5xe7 Qd8xe7
10.O-O-O Nb8c6
11.h3 Ng4h6
12.g4 O-O-O
13.g5 Nh6f7
14.h4 d5
15.a3 dxe4
16.Nc3xe4 h6
17.Rh1g1 hxg5
18.hxg5 Nc6d4
19.Rg1g3 Rd8d5
20.g6 Nf7h6
21.Nf3xd4 Rd5xd4
22.b4 Nh6f5
23.Rg3g1 Rh8h6
24.c3 Rd4d5
25.c4 Rd5d4
26.f4 Nf5h4
27.Rd1f1 Nh4xg6
28.f5 Ng6f4
29.f6 Qe7f7
30.Rf1f3 gxf6
31.Rf3g3 b5
32.Rg3g8 Kd7
33.Rg8g7 Rd4xd3
34.Rg7xf7 Kc6
35.Qd2f2 bxc4
36.Qf2c5 { resign }
1-0

[Event "Match"]
[Site "www.echecsemail.com"]
[Date "2015.07.20"]
[Round "1"]
[White "Jafarhayder"]
[Black "Guidom"]
[WhiteElo "1550"]
[BlackElo "2090"]
[Result "0-1"]
[Round "1"]
1.d4 d5
2.c4 dxc4
3.Nb1c3 Ng8f6
4.e3 c6
5.Bf1xc4 e6
6.a3 Nb8d7
7.Ng1f3 Bf8e7
8.O-O O-O
9.Rf1e1 Nd7b6
10.Bc4d3 Bc8d7
11.e4 h6
12.h3 Qd8c7
13.Qd1c2 Ra8c8
14.Bc1e3 Rf8d8
15.Ra1c1 Qc7b8
16.Nf3e5 Bd7e8
17.Be3f4 Be7d6
18.a4 Nb6d7
19.Ne5xd7 Nf6xd7
20.Bf4xd6 Qb8xd6
21.Nc3e2 e5
22.dxe5 Nd7xe5
23.Bd3c4 Ne5xc4
24.Qc2xc4 Be8d7
25.Rc1d1 Qd6e6
26.Qc4xe6 Bd7xe6
27.Ne2c1 Kf8
28.a5 a6
29.f3 Ke7
30.Nc1e2 Be6c4
31.Ne2c3 f6
32.Kf2 Bc4b3
33.Rd1xd8 Rc8xd8
34.Ke3 Ke6
35.Nc3e2 Bb3c4
36.Ne2d4 Kf7
37.Re1c1 Bc4b5
38.Nd4xb5 axb5
39.b4 Rd8d6
40.h4 g5
41.h5 Ke6
42.Rc1a1 f5
43.exf5 Kxf5
44.g4 Ke6
45.Ra1b1 Ke5
46.Rb1b2 Rd6f6
 { time }
0-1

[Event "Match"]
[Site "www.echecsemail.com"]
[Date "2015.07.20"]
[Round "1"]
[White "Jafarhayder"]
[Black "Hajota"]
[WhiteElo "1550"]
[BlackElo "2620"]
[Result "0-1"]
[Round "1"]
1.d4 Ng8f6
2.c4 e6
3.Nb1c3 Bf8b4
4.Bc1d2 b6
5.a3 Bb4xc3
6.Bd2xc3 Nf6e4
7.Ra1c1 Bc8b7
8.Ng1f3 O-O
9.e3 d6
10.Bf1d3 f5
11.O-O Ne4xc3
12.Rc1xc3 c5
13.dxc5 dxc5
14.Bd3e2 Qd8f6
15.Qd1c2 e5
16.Rf1d1 e4
17.Nf3d2 Nb8c6
18.Nd2f1 f4
19.Qc2xe4 Nc6d4
20.Qe4c2 Nd4xc2
{ resign }
0-1

[Event "Match"]
[Site "www.echecsemail.com"]
[Date "2015.07.20"]
[Round "1"]
[White "Jafarhayder"]
[Black "Maestro"]
[WhiteElo "1550"]
[BlackElo "1900"]
[Result "1-0"]
[Round "1"]
1.d4 Ng8f6
2.c4 e6
3.Nb1c3 Bf8b4
4.Bc1d2 O-O
5.a3 Bb4e7
6.e4 d6
7.Ng1f3 Nb8c6
8.Bf1e2 b6
9.O-O Bc8b7
10.Ra1c1 a5
11.Bd2g5 h6
12.Bg5xf6 Be7xf6
13.Rf1e1 Nc6e7
14.d5 exd5
15.cxd5 Ne7g6
16.Be2b5 Ng6e5
17.Nf3xe5 Bf6xe5
18.Rc1c2 Qd8h4
19.h3 f5
20.Qd1d3 f4
21.Kh2 Bb7c8
22.Bb5c6 Ra8b8
23.Nc3b5 Bc8a6
24.a4 f3
25.g3 Ba6c8
{ time. }
1-0